000 01247aas a2200241 4500
999 _c4084
_d4084
003 BR-BrBNA
005 20230317234000.0
007 ta
008 230119b bl ||||| |||| 00| 0 por d
022 _a1414-7491
035 _a000485-5
040 _aBR-BrBNA
_bSpa
_cBR-BrBNA
042 _aN
044 _abl
245 _aPROCITROPICOS News
_bIICA
_cInstituto Interamericano de Cooperacion para la AgriculturaPrograma Cooperativo de Investigacion y Transferencia de Tecnologia para los Tropicos Suramericanos
260 _aBrasilia, DF
_bInstituto Interamericano de Cooperacion para la AgriculturaPrograma Cooperativo de Investigacion y Transferencia de Tecnologia para los Tropicos Suramericanos
_c1997
_eBDF
270 _aPROCITROPICOS - SHIS QI 01, Conj. 01, Casa 20, CEP 71605-010, Lago Sul, Brasilia, DF, Brasil; Caixa Postal 02995 - CEP 71609-970; Tel.: (5561)365-2907 y 365-2908; Fax: (5561)365-5093 / E-mail: procitropicos@procitropicos.org.br / http//www.procitropicos.org.br
310 _atrimestral (de três em três meses)
505 _a1997 1(1-2); 1998 2(3-4); 2000 4(8); 2001 5(10); 2002 6(11-12);
650 1 2 _gAGRICULTURA; AGRIBUSINESS; PROJETO DE DESENVOLVIMENTO; PESQUISA AGRICOLA
909 _a56
_bSergio Santos
_c56
_dSergio Santos
942 _cCR
_2AGRIS